=LDR 00000nam 2200000 4500 =001 INLIS000000000024004 =005 20200416072019 =035 ##$$a 0010-061300000024004 =008 200416################g##########0#ind## =041 ##$$a Ind =082 ##$$a 2X1 =090 ##$$a 2X1, Raa a =100 1#$$a Arraazi, Fahruddin Muhammad Bin Umar Bin Husain =245 1#$$a Al-Quran yang ajaib, /$c Fahruddin bin Umar Bin Husain Ar Raazi =260 ##$$a Jakarta :$b Gema Insani Press,$c 1994 =300 ##$$a 152 hlm, ; $c 12 x 18 cm =650 #4$$a Al-Qur'an =850 ##$$a NBPNMAT =020 ##$$a 979-561-194-1 =084 ##$$a 2X1 ARR a =250 ##$$a cet.1 =990 ##$$a 00044473 =990 ##$$a 00044474